000 00980nam a2200253 a 4500
001 49011
003 BD-RjUL
005 20211209054625.0
008 160817s1967 bg ||||| |||| 00| f ben d
020 _c: Tk. 6.00
035 _a(BD-RjUL)49130
040 _aBD-RjUL
_bben
_cBD-RjUL
041 _aben
082 _223
_a891.4393
_bRUN 1967
100 _aরুসুয়া, মির্জা মুহম্মদ হাদী
_9147514
245 1 0 _aনগর বধূ /
_cমির্জা মুহম্মদ হাদী রুসুয়া ; অনুবাদ : কাজী মাসুম
250 _a১ম সং.
260 _aঢাকা :
_bশাহাদৎ হোসেন,
_c১৯৬৭
300 _a[১০], ২৫১ পৃ. ;
_c২০ সেমি.
650 _aউর্দূ উপন্যাস
_9121925
650 _aUrdu Fiction
_9121922
700 _aমাসুম, কাজী, অনুবাদক
_9147515
942 _2ddc
_cBK
999 _c49011
_d49011